[Event "PRO League Group Stage"]
[Site "chess.com INT"]
[Date "2017.02.15"]
[Round "6"]
[White "Mamedyarov,S"]
[Black "Stopa,Ja"]
[Result "1-0"]
[WhiteElo "2766"]
[BlackElo "2479"]

1.d4 e6 2.c4 f5 3.Nc3 Nf6 4.a3 d6 5.Qc2 Be7 6.e4 Nc6 7.Nf3 O-O 8.exf5 e5
9.dxe5 dxe5 10.Bd3 Nd4 11.Nxd4 exd4 12.Ne2 c5 13.h3 Nd7 14.f4 a5 15.Bd2 Kh8
16.a4 Nb8 17.O-O Nc6 18.Rae1 Ra6 19.Kh2 Nb4 20.Bxb4 axb4 21.Ng1 Bd6 22.g3 Qf6
23.b3 Bxf5 24.Bxf5 Qxf5 25.Qxf5 Rxf5 26.Re8+ Rf8 27.Rfe1 Ra8 28.Rxa8 Rxa8
29.Nf3 Kg8 30.Kg2 h6 31.Kf2 Kf7 32.Ke2 Re8+ 33.Kd3 Rxe1 34.Nxe1 g5 35.fxg5 Bxg3
36.Nf3 Bf4 37.gxh6 Bxh6 38.Ke4 Ke6 39.a5 Kd6 40.h4 Kc7 41.Ne5 Bg7 42.Nd3 Bf8
43.Kd5 Kb8 44.Ke6 Ka7 45.Kf7 Bh6 46.Nxc5  1-0

[Event "PRO League Group Stage"]
[Site "chess.com INT"]
[Date "2017.02.15"]
[Round "6"]
[White "Gareev,T"]
[Black "Mamedyarov,S"]
[Result "0-1"]
[WhiteElo "2617"]
[BlackElo "2766"]

1.d4 d5 2.c4 c6 3.Nc3 Nf6 4.Nf3 e6 5.Bg5 h6 6.Bxf6 Qxf6 7.e3 Nd7 8.a3 Bd6
9.e4 dxe4 10.Nxe4 Qe7 11.Nxd6+ Qxd6 12.c5 Qd5 13.Qc2 b6 14.Bc4 Qh5 15.b4 O-O
16.O-O a5 17.Qe4 Bb7 18.Qf4 Ba6 19.Bxa6 Rxa6 20.Qd6 Qd5 21.Qxd5 exd5 22.Rfe1 b5
23.a4 axb4 24.axb5 Rxa1 25.Rxa1 cxb5 26.g3 Nb8 27.Ra5 Nc6 28.Rxb5 Rb8 29.Rxb8+ Nxb8
30.Nd2 Nc6 31.Nb3 h5 32.Kf1 Kh7 33.Ke2 Kg6 34.Kd3 Kf5 35.f3 g5 36.Nd2 g4
37.f4 Ke6 38.Nb3 Kd7 39.Nd2 Ke6 40.Nb3 Na7 41.Na5 Kd7 42.Nb3 Kc6 43.Nd2 Kb5
44.Nf1 Nc6 45.Ne3 Ne7 46.Kc2 Ka4 47.Kb2 b3 48.f5 f6 49.c6 Nxc6 50.Nxd5 Nxd4
51.Nxf6 Nxf5 52.Nxh5 Ne3 53.Nf4 Nd1+ 54.Kc1 Ka3 55.Nd3 Ne3 56.Kd2 Nf1+ 57.Kc3 Nxh2
58.Ne5 Nf1 59.Nc4+ Ka2 60.Nb2 Nxg3 61.Nd3 Ka3 62.Kd4 Nf5+  0-1

[Event "PRO League Group Stage"]
[Site "chess.com INT"]
[Date "2017.02.15"]
[Round "6"]
[White "Liu,E"]
[Black "Mamedyarov,S"]
[Result "0-1"]
[WhiteElo "2284"]
[BlackElo "2766"]

1.e4 c6 2.d4 d5 3.e5 Bf5 4.h4 Qc7 5.Nc3 a6 6.Nge2 e6 7.Ng3 Ne7 8.Nxf5 Nxf5
9.g4 Ne7 10.Be3 c5 11.h5 cxd4 12.Bxd4 Nec6 13.f4 Nxd4 14.Qxd4 Nc6 15.Qf2 Bb4
16.O-O-O Qa5 17.Rh3 O-O 18.h6 g6 19.f5 Rac8 20.a3 Bc5 21.Qh4 Be7 22.Qg3 b5
23.Bg2 b4 24.Nb1 Bg5+ 25.Nd2 Nd4 26.Qd3 bxa3  0-1

[Event "PRO League Group Stage"]
[Site "chess.com INT"]
[Date "2017.02.22"]
[Round "7"]
[White "Mamedyarov,S"]
[Black "Finegold,B"]
[Result "0-1"]
[WhiteElo "2766"]
[BlackElo "2483"]

1.d4 Nf6 2.c4 c5 3.d5 e5 4.Nc3 d6 5.e4 Be7 6.Bd3 Nbd7 7.Nge2 h5 8.h3 h4 9.Be3 Nf8
10.Qd2 Ng6 11.a3 Kf8 12.b4 b6 13.bxc5 bxc5 14.Rb1 Nh5 15.O-O Kg8 16.Rb3 Bf6
17.Rfb1 Bd7 18.Nb5 Bc8 19.Kh2 Nhf4 20.Bxf4 Nxf4 21.Nxf4 exf4 22.Be2 f3 23.Bxf3 Be5+
24.Kg1 Rh6 25.Bg4 Bxg4 26.hxg4 Rg6 27.f4 a6 28.fxe5 axb5 29.cxb5 c4 30.Rb4 Rxg4
31.Qe3 Rg3 32.Qf4 dxe5 33.Qxe5 Qb6+ 34.Kh1 Qe3 35.Kh2 Rxa3 36.Rxc4 Rxg2+
37.Kxg2 h3+ 38.Kf1 Qf3+  0-1

[Event "PRO League Group Stage"]
[Site "chess.com INT"]
[Date "2017.02.22"]
[Round "7"]
[White "Mamedyarov,S"]
[Black "So,W"]
[Result "1-0"]
[WhiteElo "2766"]
[BlackElo "2808"]

1.d4 Nf6 2.c4 e6 3.Nc3 Bb4 4.f3 c5 5.d5 O-O 6.e4 d6 7.Bd3 b5 8.Ne2 bxc4 9.Bxc4 exd5
10.Bxd5 Nxd5 11.Qxd5 Qb6 12.Bf4 Be6 13.Qxa8 Nc6 14.Qxf8+ Kxf8 15.Bxd6+ Kg8
16.O-O-O Na5 17.Nd5 Bxd5 18.Rxd5 Nc4 19.Bf4 h6 20.b3 Qa6 21.bxc4 Qxa2 22.Ng3 a5
23.Bd2 a4 24.Kd1 Qxc4 25.Ke1 a3 26.Kf2 a2 27.Ne2 Qc2 28.Be3 c4 29.Bd4 Qb1
30.Rf1 c3 31.Rd8+ Kh7 32.Ra8 c2 33.Nc1 Bc5 34.Bxc5 a1=Q 35.Rxa1 Qxa1 36.Be3 Qe5
37.h3 f5 38.exf5 Qxf5 39.Ne2 Qf6 40.Rc1 Qh4+ 41.Kf1 Qc4 42.Ke1 Qb4+ 43.Kf2 Qh4+
44.Kf1 Qc4 45.f4 Qe4 46.Kf2 g5 47.g3 gxf4 48.gxf4 Qf5 49.Nd4 Qxh3 50.Rxc2 Qh2+
51.Kf3 Qh1+ 52.Kg3 Qe4 53.Rc3 h5 54.Nf3 Kg7 55.Bd4+ Kf8 56.Be5 Qg6+ 57.Ng5 Qf5
58.Nh7+ Kf7 59.Nf6 Kg6 60.Kh4 Qb1 61.Rg3+ Kf5 62.Rg5+ Ke6 63.Kxh5 Kf7 64.Kh6 Qh1+
65.Nh5 Qe4 66.Rg7+ Ke6 67.Rg6+ Kf7 68.Rf6+ Ke7 69.Ng3 Qg2 70.f5 Qd5 71.Re6+ Kf7
72.Nh5 Qf3 73.Rg6 Qe3+ 74.Bf4 Qe4 75.Rg7+  1-0

[Event "PRO League Group Stage"]
[Site "chess.com INT"]
[Date "2017.02.22"]
[Round "7"]
[White "Rosenthal,Nicholas"]
[Black "Mamedyarov,S"]
[Result "0-1"]
[WhiteElo "2156"]
[BlackElo "2766"]

1.e4 c6 2.d4 d5 3.exd5 cxd5 4.Nf3 a6 5.Bd3 Nc6 6.c3 Bg4 7.O-O e6 8.Bf4 g5
9.Be3 Be7 10.Re1 Qc7 11.Be2 h6 12.Ne5 Bxe2 13.Rxe2 Bd6 14.Nxc6 bxc6 15.Kh1 Ne7
16.c4 Nf5 17.Nc3 O-O 18.Rc1 Qb7 19.Rec2 Rab8 20.Qh5 Qe7 21.h4 Kg7 22.Qe2 gxh4
23.b3 Kh7 24.Qd3 Qf6 25.Ne2 Rg8 26.Bf4 Bxf4 27.Nxf4 Rg4 28.cxd5 cxd5 29.Nxd5 exd5
30.Rc6 Qg5 31.Rc7 Kg7 32.Qf3 Re8 33.Kg1 Rge4 34.R1c6 Rf4 35.Qc3 h3 36.g3 h2+
37.Kxh2 Rxf2+ 38.Kg1 Nxg3  0-1

[Event "PRO League Group Stage"]
[Site "chess.com INT"]
[Date "2017.02.22"]
[Round "7"]
[White "Akobian,V"]
[Black "Mamedyarov,S"]
[Result "1/2-1/2"]
[WhiteElo "2633"]
[BlackElo "2766"]

1.d4 d5 2.c4 c5 3.cxd5 Qxd5 4.Nf3 cxd4 5.Nc3 Qa5 6.Nxd4 e5 7.Nb3 Qc7 8.Nd5 Qd8
9.e4 Nc6 10.Bb5 a6 11.Bxc6+ bxc6 12.Nc3 Qxd1+ 13.Kxd1 a5 14.Be3 Nf6 15.f3 a4
16.Nc5 Bxc5 17.Bxc5 Be6 18.Kc2 Nd7 19.Bd6 f6 20.b3 axb3+ 21.axb3 Kf7 22.Rxa8 Rxa8
23.Na4 c5 24.Bxc5 Nxc5 25.Nxc5 Ra2+ 26.Kc3 Rxg2 27.b4 Rf2 28.b5 Rxf3+ 29.Kb4 Rf2
30.Ra1 Bc8 31.Ra7+ Kg6 32.Rc7 Rb2+ 33.Ka5 Ra2+ 34.Kb4 Rb2+ 35.Kc3 Rxb5 36.Rxc8 Rb1
37.Rc7 Kh6 38.Kd3 g6 39.Ne6 Rb3+ 40.Ke2 f5 41.exf5 gxf5 42.Rc5 Kg6 43.Rxe5 Kf6
44.Rxf5+ Kxf5 45.Nd4+ Kg4 46.Nxb3 Kh3 47.Kf3 Kxh2 48.Kg4 h5+ 49.Kxh5  1/2-1/2

[Event "Sharjah Grand Prix 2017"]
[Site "Sharjah UAE"]
[Date "2017.02.26"]
[Round "8.2"]
[White "Grischuk,A"]
[Black "Mamedyarov,S"]
[Result "1-0"]
[WhiteElo "2742"]
[BlackElo "2766"]

1.d4 Nf6 2.c4 e6 3.Nf3 d5 4.Nc3 c5 5.e3 Nc6 6.cxd5 Nxd5 7.Bd3 cxd4 8.exd4 Bb4
9.O-O O-O 10.Bc2 Bd7 11.a3 Bxc3 12.Qd3 f5 13.bxc3 b5 14.a4 a6 15.Re1 Qc7
16.Ng5 Qd6 17.Qd2 h6 18.Nf3 Rfc8 19.Ba3 Qf4 20.Qxf4 Nxf4 21.Bc5 Na5 22.Ne5 Be8
23.g3 Nd5 24.Ra3 bxa4 25.c4 Nf6 26.Bxa4 Bxa4 27.Rxa4 Nc6 28.Nd3 Ne4 29.Bb6 Rcb8
30.c5 Kf7 31.Rea1 Nc3 32.Rxa6 Rxa6 33.Rxa6 Ne2+ 34.Kg2 Nexd4 35.Bc7 Rc8 36.Bd6 g5
37.f4 gxf4 38.gxf4 Ke8 39.Rb6 Ra8 40.Ne5 Ra2+ 41.Kg3 Ra3+ 42.Kg2 Ra2+ 43.Kg3 Ra3+
44.Kh4 Nxe5 45.Bxe5 Nf3+ 46.Kh5 Nxe5 47.fxe5 Kd7 48.Kg6 f4 49.Rd6+ Ke7 50.c6 f3
51.Rd7+ Ke8 52.Rf7 Rc3 53.c7 h5 54.Rxf3 Rxc7 55.Rh3 Kd7 56.Rxh5 Rc4 57.Rh7+ Kc6
58.Kf6 Kd5 59.Rd7+ Ke4 60.Rd1 Rc2  1-0

[Event "PRO League KO Stage 2017"]
[Site "chess.com INT"]
[Date "2017.03.01"]
[Round "1"]
[White "Mamedyarov,S"]
[Black "Holt,C"]
[Result "1-0"]
[WhiteElo "2772"]
[BlackElo "2555"]

1.d4 d5 2.c4 c6 3.Nc3 dxc4 4.e3 b5 5.a4 b4 6.Ne4 Qd5 7.Ng3 Nf6 8.Be2 Nbd7
9.Nf3 Ba6 10.O-O e6 11.b3 Qa5 12.bxc4 c5 13.Bb2 Rd8 14.Qc2 Qc7 15.Rfd1 cxd4
16.exd4 Be7 17.d5 Bc5 18.dxe6 fxe6 19.Ne4 Bb7 20.Nxc5 Qxc5 21.Bd4 Qa5 22.c5 Be4
23.Qc4 Bd5 24.Qb5 Qc7 25.Rac1 Bc6 26.Bxf6 gxf6 27.Qxb4 O-O 28.Nd4 Bd5 29.c6 Ne5
30.g3 Rc8 31.Nb5 Qg7 32.c7 a6 33.Nd6 Rxc7 34.Nf5 exf5 35.Rxc7 Qxc7 36.Rxd5 Qc2
37.Rd2 Qc1+ 38.Kg2 Qc6+ 39.f3 Re8 40.a5 Ng4 41.Qc4+  1-0

[Event "PRO League KO Stage 2017"]
[Site "chess.com INT"]
[Date "2017.03.01"]
[Round "1"]
[White "Xiong,Jeffery"]
[Black "Mamedyarov,S"]
[Result "1/2-1/2"]
[WhiteElo "2674"]
[BlackElo "2772"]

1.e4 e5 2.Nf3 Nc6 3.Bb5 a6 4.Ba4 Nf6 5.O-O Be7 6.Re1 b5 7.Bb3 d6 8.c3 O-O
9.d4 Bg4 10.Be3 exd4 11.cxd4 Na5 12.Bc2 c5 13.Nbd2 cxd4 14.Bxd4 Nc6 15.Qb1 Rc8
16.h3 Bh5 17.a4 Bg6 18.axb5 axb5 19.Bd3 Nxd4 20.Nxd4 d5 21.exd5 Bb4 22.Bxg6 hxg6
23.Rd1 Qxd5 24.N2f3 Bc5 25.Qd3 b4 26.Nb3 Qxd3 27.Rxd3 Bb6 28.Ra6 Rc6 29.Kf1 Ne4
30.Rd4 Bxd4 31.Rxc6 Bxf2 32.Rc4 f5 33.Rxb4 Be3 34.Ke2 Bf4 35.Nbd2 Nxd2 36.Rxf4 Ne4
37.Nd2 Rb8 38.Nxe4 fxe4 39.Rxe4 Rxb2+ 40.Kf3 Rb3+ 41.Re3  1/2-1/2

[Event "PRO League KO Stage 2017"]
[Site "chess.com INT"]
[Date "2017.03.01"]
[Round "1"]
[White "Toolin,C"]
[Black "Mamedyarov,S"]
[Result "0-1"]
[WhiteElo "2189"]
[BlackElo "2772"]

1.d4 Nf6 2.c4 e6 3.Nf3 d5 4.Nc3 c5 5.e3 Nc6 6.a3 a6 7.dxc5 Bxc5 8.b4 Bd6
9.cxd5 exd5 10.Bb2 O-O 11.Be2 Be6 12.O-O Re8 13.Nd4 Nxd4 14.Qxd4 Qc7 15.f4 Rad8
16.Rac1 Qe7 17.g4 h6 18.h4 Nxg4 19.Bxg4 Bxg4 20.Nxd5 Qf8 21.e4 Be6 22.Rc2 Bxd5
23.exd5 f6 24.Rg2 Kh8 25.Kh1 Qf7 26.Rfg1 Bf8 27.Rd2 Qh5 28.Qf2 Rxd5 29.Rc2 Rd3
30.Qg2 Qxh4+  0-1

[Event "PRO League KO Stage 2017"]
[Site "chess.com INT"]
[Date "2017.03.01"]
[Round "1"]
[White "Mamedyarov,S"]
[Black "Li,Ruifeng"]
[Result "1-0"]
[WhiteElo "2772"]
[BlackElo "2577"]

1.d4 Nf6 2.c4 e6 3.Nc3 Bb4 4.f3 c5 5.d5 d6 6.e4 O-O 7.Ne2 b5 8.Ng3 exd5 9.cxd5 a6
10.a4 Ba5 11.Be2 Nbd7 12.O-O c4 13.Kh1 Rb8 14.axb5 axb5 15.Nf5 Nc5 16.Rxa5 Qxa5
17.Ne7+ Kh8 18.Nc6 Qb6 19.Nxb8 Qxb8 20.Be3 Nfd7 21.Qa1 b4 22.Nb1 Nb3 23.Qa2 Qc7
24.Nd2 Nxd2 25.Bxd2 c3 26.bxc3 bxc3 27.Rc1 Nc5 28.Bxc3 Qe7 29.Bd4 Bd7 30.Qa7 Rc8
31.Be3 f5 32.e5 Qxe5 33.Qxd7 Ra8 34.Bxc5 dxc5 35.Qe6 Qc3 36.Qc8+ Rxc8 37.Rxc3  1-0

[Event "PRO League KO Stage 2017"]
[Site "chess.com INT"]
[Date "2017.03.08"]
[Round "2"]
[White "Mamedyarov,S"]
[Black "Shimanov,A"]
[Result "0-1"]
[WhiteElo "2772"]
[BlackElo "2642"]

1.d4 Nf6 2.c4 g6 3.Nc3 Bg7 4.Nf3 O-O 5.g3 d6 6.Bg2 Nc6 7.O-O e5 8.d5 Nb8
9.e4 a5 10.Ne1 Na6 11.Nd3 Nd7 12.f4 exf4 13.gxf4 Nb6 14.Qb3 Re8 15.Be3 a4
16.Nxa4 Nxa4 17.Qxa4 Bf5 18.Nf2 Nc5 19.Qc2 Nxe4 20.Bxe4 Bxe4 21.Nxe4 Qe7
22.Ng3 Qxe3+ 23.Kh1 h5 24.Rf2 Bd4 25.Rg2 Qe1+ 26.Rg1 Bxg1 27.Rxe1 Rxe1 28.Kg2 Rae8
29.f5 g5 30.Qc3 R8e5 31.Qf3 g4 32.Qf4 Be3  0-1

[Event "Vugar Gashimov Mem 2017"]
[Site "Shamkir AZE"]
[Date "2017.04.22"]
[Round "2.3"]
[White "Mamedyarov,S"]
[Black "Karjakin,Sergey"]
[Result "1/2-1/2"]
[WhiteElo "2772"]
[BlackElo "2783"]

1.e4 e5 2.Nf3 Nc6 3.Bc4 Bc5 4.c3 Nf6 5.d4 exd4 6.e5 d5 7.Bb5 Ne4 8.cxd4 Bb6
9.Nc3 O-O 10.Be3 Bg4 11.h3 Bh5 12.O-O Nxd4 13.Bxd4 Bxf3 14.gxf3 Qg5+ 15.Kh1 Qf5
16.fxe4 Qxh3+ 17.Kg1 Bxd4 18.Qxd4 Qg4+ 19.Kh1 Qh3+ 20.Kg1 Qg4+ 21.Kh1 Qh3+
22.Kg1  1/2-1/2

[Event "Vugar Gashimov Mem 2017"]
[Site "Shamkir AZE"]
[Date "2017.04.23"]
[Round "3.3"]
[White "Eljanov,P"]
[Black "Mamedyarov,S"]
[Result "0-1"]
[WhiteElo "2751"]
[BlackElo "2772"]

1.Nf3 Nf6 2.g3 g6 3.Bg2 Bg7 4.O-O O-O 5.d4 d6 6.c4 Nbd7 7.Nc3 e5 8.e4 exd4
9.Nxd4 Re8 10.b3 a6 11.Be3 Rb8 12.a4 a5 13.Ndb5 b6 14.Qc2 Nc5 15.Rad1 Bb7
16.f3 Qe7 17.Rfe1 Rbd8 18.Bf2 c6 19.Nd4 Qc7 20.g4 Nfd7 21.Bh4 Bf6 22.Bg3 Na6
23.Na2 Ndc5 24.f4 Qe7 25.g5 Bg7 26.h4 f6 27.gxf6 Bxf6 28.h5 Qg7 29.Bf2 Nc7
30.hxg6 hxg6 31.Nc3 N7e6 32.Nce2 Nxd4 33.Nxd4 Rd7 34.Nf3 Bc8 35.e5 dxe5 36.fxe5 Rxd1
37.Qxd1 Be7 38.Nd4 Bg5 39.Bxc6 Rf8 40.Nf3 Qh6 41.Bxc5 bxc5 42.Qd5+ Kg7 43.e6 Rf5
44.Re5 Qh3 45.Qxc5 Qg3+ 46.Kf1 Rxf3+ 47.Bxf3 Qxf3+ 48.Qf2 Qd1+ 49.Qe1 Qd3+
50.Qe2 Qg3 51.Qe4 Qh3+ 52.Qg2 Qd3+ 53.Qe2 Qg3 54.Qe4 Bh4 55.Qe3 Qh2 56.Rd5 Qh1+
57.Ke2 Qe1+ 58.Kf3 Qg3+ 59.Ke2 Qe1+ 60.Kd3 Qd1+ 61.Ke4 Bb7 62.Ke5 Bxd5 63.cxd5 Be7
64.Qa7 Qe2+ 65.Kf4 g5+ 66.Kg3 Kf6  0-1

[Event "Vugar Gashimov Mem 2017"]
[Site "Shamkir AZE"]
[Date "2017.04.24"]
[Round "4.3"]
[White "Mamedyarov,S"]
[Black "Radjabov,T"]
[Result "1/2-1/2"]
[WhiteElo "2772"]
[BlackElo "2710"]

1.d4 Nf6 2.c4 g6 3.Nc3 Bg7 4.e4 d6 5.Nf3 O-O 6.Be2 e5 7.O-O exd4 8.Nxd4 Re8
9.f3 Nc6 10.Be3 Nh5 11.Qd2 Nf4 12.Rfd1 Nxd4 13.Bxd4 Bxd4+ 14.Qxd4 Nxe2+ 15.Nxe2 b6
16.Nc3 Bb7 17.Nd5 Bxd5 18.cxd5 Qg5 19.Rac1 Rac8 20.Qd2 Qe5 21.Qd4 Qg5 22.Qd2 Qe5
23.Qd4 Qg5 24.Qd2  1/2-1/2

[Event "Vugar Gashimov Mem 2017"]
[Site "Shamkir AZE"]
[Date "2017.04.25"]
[Round "5.3"]
[White "Harikrishna,P"]
[Black "Mamedyarov,S"]
[Result "1/2-1/2"]
[WhiteElo "2755"]
[BlackElo "2772"]

1.Nf3 Nf6 2.g3 d5 3.Bg2 g6 4.O-O Bg7 5.d4 O-O 6.Nbd2 a5 7.c4 a4 8.cxd5 Qxd5
9.Nb1 Rd8 10.Bf4 Qa5 11.Qc1 Nc6 12.Na3 Nxd4 13.Nxd4 Rxd4 14.Qxc7 Nd5 15.Qxa5 Rxa5
16.Bc1 Be6 17.Nc2 Rc4 18.Na3 Rd4 19.Nc2 Rc4 20.Na3 Rc8 21.Bd2 Ra6 22.e4 Nb6
23.e5 Nd5 24.f4 Rb6 25.Rac1 Rxc1 26.Bxc1 f6 27.Rd1 Nc7 28.Rd4 fxe5 29.Rxa4 Rd6
30.Bf3 Bxa2 31.fxe5 Bxe5 32.Nc4 Ra6 33.Rb4 Bxc4 34.Rxc4 b5 35.Rc2 Kg7 36.Kg2 Ne6
37.Rc6 Rxc6 38.Bxc6 Nd4 39.Bd7 Kf6 40.b4 e6 41.Be3 Nc2 42.Bd2 Nd4 43.Be3 Nf5
44.Bb6 Bc3 45.g4 Nh4+ 46.Kg3 g5 47.Bd8+ Kg6 48.Be7 Be1+ 49.Kh3 Kf7 50.Bxg5 Ng6
51.Bxb5  1/2-1/2

[Event "Vugar Gashimov Mem 2017"]
[Site "Shamkir AZE"]
[Date "2017.04.27"]
[Round "6.3"]
[White "Kramnik,V"]
[Black "Mamedyarov,S"]
[Result "0-1"]
[WhiteElo "2811"]
[BlackElo "2772"]

1.e4 e5 2.Nf3 Nc6 3.Bc4 Bc5 4.O-O Nf6 5.d3 a6 6.c3 d6 7.Re1 Ba7 8.a4 h6 9.Be3 Bxe3
10.Rxe3 O-O 11.Nbd2 Re8 12.d4 exd4 13.cxd4 Bg4 14.Qb3 Qd7 15.Bd3 d5 16.e5 Nh5
17.g3 f5 18.Ree1 a5 19.Rac1 Nb4 20.Bf1 f4 21.e6 Bxe6 22.Ne5 Qd6 23.Qf3 Nf6
24.Qxf4 c6 25.f3 Nd7 26.Nb3 Rf8 27.Qe3 Bf5 28.Qd2 Na2 29.Ra1 Nb4 30.Nxd7 Bxd7
31.Qc3 b6 32.Re5 Rae8 33.Rae1 Qg6 34.Nd2 Qc2 35.f4 Rxe5 36.dxe5 Be6 37.Qxc2 Nxc2
38.Rc1 Nb4 39.Nf3 c5 40.h4 Kf7 41.h5 Bg4 42.Nh4 Bxh5 43.Nf5 Bg4 44.Ne3 Bd7
45.Bg2 d4 46.Nc4 Bxa4 47.Nxb6 Bc2 48.Nc4 d3 49.Nd2 a4 50.Kf2 c4 51.Ke3 Rc8
52.Ne4 Kf8 53.Nc3 Rb8 54.Rf1 Na6 55.f5 Rxb2 56.f6 Nc7 57.Bh3 d2 58.Bg4 a3
59.e6 gxf6 60.Rxf6+ Kg8 61.e7 a2 62.Ra6 d1=Q 63.Nxd1 Bxd1 64.Ra8+ Kg7 65.Bxd1 Rb1
66.Rxa2 Rxd1 67.Ra7 Ne8 68.Ra4 Rd3+ 69.Kf4 c3  0-1

[Event "Vugar Gashimov Mem 2017"]
[Site "Shamkir AZE"]
[Date "2017.04.28"]
[Round "7.3"]
[White "Mamedyarov,S"]
[Black "Adams,Mi"]
[Result "1/2-1/2"]
[WhiteElo "2772"]
[BlackElo "2761"]

1.d4 Nf6 2.c4 e6 3.Nf3 d5 4.Nc3 Be7 5.Bf4 O-O 6.e3 c5 7.dxc5 Bxc5 8.cxd5 Nxd5
9.Nxd5 exd5 10.a3 Nc6 11.Bd3 Bd6 12.Qa4 Bxf4 13.Qxf4 d4 14.O-O dxe3 15.Rad1 Qf6
16.fxe3 Qxf4 17.exf4 Re8 18.Bb5 Be6 19.Ne5 Rac8 20.Rfe1 Kf8 21.b4 Re7 22.Nxc6 bxc6
23.Ba6 Rce8 24.Kf2 Bd5 25.Rxe7 Kxe7 26.Re1+ Kd7 27.Rxe8 Kxe8 28.g3 Kd7 29.Ke3 Kd6
30.Kd4 f6 31.Bd3 h6 32.Bc4 Bf3 33.Bd3 Bd5 34.Bc4 Bf3 35.Bd3 Bd5 36.Bc4  1/2-1/2

[Event "Vugar Gashimov Mem 2017"]
[Site "Shamkir AZE"]
[Date "2017.04.30"]
[Round "9.3"]
[White "Mamedyarov,S"]
[Black "Topalov,V"]
[Result "1/2-1/2"]
[WhiteElo "2772"]
[BlackElo "2741"]

1.d4 d5 2.c4 c6 3.Nc3 Nf6 4.e3 e6 5.Nf3 Nbd7 6.Qc2 Bd6 7.Bd3 O-O 8.O-O e5
9.cxd5 cxd5 10.e4 exd4 11.Nxd5 Nxd5 12.exd5 h6 13.Nxd4 Qh4 14.Nf3 Qh5 15.Bh7+ Kh8
16.Qf5 Qxf5 17.Bxf5 Nf6 18.Bc2 b6 19.Rd1 Bb7 20.Bb3 Rad8 21.Be3 Be7 22.Rd3 Nxd5
23.Rad1 Nxe3 24.fxe3 Rxd3 25.Rxd3 Bxf3 26.gxf3 Rd8 27.Rxd8+ Bxd8 28.Bxf7 g5
29.f4 gxf4 30.exf4 Kg7 31.Bd5 Bc7 32.Kg2 Bxf4 33.h3 Kf6 34.Kf3 Be5 35.b3 a5
36.a4 Bd6 37.Ke4 Be5 38.Kf3 Bd6 39.Ke4 Be5 40.Kf3 Bd6 41.Ke4  1/2-1/2

[Event "Moscow Grand Prix 2017"]
[Site "Moscow RUS"]
[Date "2017.05.12"]
[Round "1.5"]
[White "Mamedyarov,S"]
[Black "Vallejo Pons,F"]
[Result "1/2-1/2"]
[WhiteElo "2772"]
[BlackElo "2710"]

1.d4 d5 2.c4 e6 3.Nc3 a6 4.cxd5 exd5 5.Nf3 c6 6.e4 dxe4 7.Ng5 Be7 8.Bc4 Nh6
9.Ngxe4 Nf5 10.d5 O-O 11.Bf4 cxd5 12.Nxd5 Nc6 13.O-O Be6 14.Re1 Bxd5 15.Bxd5 Bb4
16.Nc3 Nfd4 17.Be4 Re8 18.Re3 g6 19.h4 Ne6 20.Qxd8 Raxd8 21.Bxc6 bxc6 22.Rae1 Be7
23.g3 Nxf4 24.Rxe7 Rxe7 25.Rxe7 Nd5 26.Re4 Nxc3 27.bxc3 Rd5 28.Rc4 Kf8 29.Kf1 Ke7
30.Rxc6  1/2-1/2

[Event "Moscow Grand Prix 2017"]
[Site "Moscow RUS"]
[Date "2017.05.13"]
[Round "2.5"]
[White "Gelfand,B"]
[Black "Mamedyarov,S"]
[Result "1/2-1/2"]
[WhiteElo "2724"]
[BlackElo "2772"]

1.Nf3 d5 2.d4 Bf5 3.c4 e6 4.Nc3 Nf6 5.Nh4 Bb4 6.cxd5 Qxd5 7.e3 c5 8.Bb5+ Nc6
9.O-O Qd7 10.Nxf5 exf5 11.Ne2 cxd4 12.Nxd4 Bc5 13.Nxc6 bxc6 14.Qxd7+ Kxd7
15.Rd1+ Kc7 16.Bc4 Rhd8 17.Bd2 Nd5 18.Ba5+ Bb6 19.Bxd5 Rxd5 20.Rxd5 cxd5
21.Bc3 g5 22.Rd1  1/2-1/2

[Event "Moscow Grand Prix 2017"]
[Site "Moscow RUS"]
[Date "2017.05.15"]
[Round "4.2"]
[White "Salem,AR"]
[Black "Mamedyarov,S"]
[Result "0-1"]
[WhiteElo "2633"]
[BlackElo "2772"]

1.d4 Nf6 2.c4 g6 3.g3 c6 4.Bg2 d5 5.Qa4 dxc4 6.Qxc4 Bg7 7.Nf3 O-O 8.O-O Bf5
9.Nc3 Nbd7 10.e3 Qc7 11.Nh4 Nb6 12.Qc5 Be6 13.b3 a5 14.Ba3 Nfd7 15.Qxe7 Rfe8
16.Qg5 a4 17.Rfc1 axb3 18.axb3 h6 19.Qf4 Qd8 20.Nf3 Nf6 21.Ne5 Bxb3 22.g4 Nbd5
23.Nxd5 Bxd5 24.h3 Nh7 25.e4 Be6 26.Bb2 Rxa1 27.Bxa1 Nf6 28.Rd1 Qa5 29.Bf3 Qa4
30.Kg2 Rd8 31.h4 Nxe4 32.Re1 Nf6 33.Nxg6 fxg6 34.Rxe6 Qxa1 35.g5 hxg5 36.hxg5 Nh5
37.Bxh5 gxh5 38.Re7 Rf8 39.Rxg7+ Kxg7 40.Qe5+ Kg6 41.Qd6+ Kxg5 42.Qg3+ Kh6
43.Qd6+ Kg7 44.Qg3+ Kf7 45.Qf4+ Ke6 46.Qe5+ Kd7 47.Qg7+ Kc8 48.Qxf8+ Kc7
49.Qe7+ Kb6 50.Qc5+ Ka6 51.f4 Qa2+ 52.Kg3 Qe2 53.f5 Qg4+ 54.Kh2 Qf4+ 55.Kg2 Qe4+
56.Kh2 Qf3 57.Qe5 h4 58.f6 b5 59.Qg5 b4 60.Qg7 Qf2+ 61.Kh3 Qe3+ 62.Kg2 Qe4+
63.Kh2 Qxd4 64.Kh3 b3 65.Qf7 b2 66.Qa2+ Kb6 67.Qb3+ Kc7 68.f7 Qf4 69.f8=R Qxf8
70.Qxb2 Qf4 71.Kg2 c5  0-1

[Event "Moscow Grand Prix 2017"]
[Site "Moscow RUS"]
[Date "2017.05.18"]
[Round "6.2"]
[White "Radjabov,T"]
[Black "Mamedyarov,S"]
[Result "1/2-1/2"]
[WhiteElo "2710"]
[BlackElo "2772"]

1.d4 d5 2.c4 c6 3.Nc3 Nf6 4.e3 e6 5.Nf3 Nbd7 6.Qc2 Bd6 7.Bd3 O-O 8.O-O e5
9.cxd5 cxd5 10.e4 exd4 11.Nxd5 Nxd5 12.exd5 h6 13.b3 Nb6 14.Bb2 Nxd5 15.Qc4 Nb4
16.Rfd1 Nxd3 17.Qxd3 Bc5 18.Bxd4 Bxd4 19.Qxd4 Qxd4 20.Nxd4 Bd7  1/2-1/2

[Event "Moscow Grand Prix 2017"]
[Site "Moscow RUS"]
[Date "2017.05.19"]
[Round "7.2"]
[White "Mamedyarov,S"]
[Black "Grischuk,A"]
[Result "1/2-1/2"]
[WhiteElo "2772"]
[BlackElo "2750"]

1.d4 Nf6 2.c4 e6 3.Nf3 b6 4.g3 Bb7 5.Bg2 Bb4+ 6.Bd2 Be7 7.Nc3 c6 8.e4 d5
9.exd5 cxd5 10.Ne5 O-O 11.O-O Nc6 12.cxd5 Nxe5 13.dxe5 Nxd5 14.Rc1 Nxc3  1/2-1/2

[Event "Moscow Grand Prix 2017"]
[Site "Moscow RUS"]
[Date "2017.05.20"]
[Round "8.2"]
[White "Svidler,P"]
[Black "Mamedyarov,S"]
[Result "1/2-1/2"]
[WhiteElo "2755"]
[BlackElo "2772"]

1.e4 e5 2.Nf3 Nc6 3.Bb5 a6 4.Ba4 Nf6 5.d3 b5 6.Bb3 Bc5 7.Nc3 d6 8.Nd5 h6
9.c3 O-O 10.Nxf6+ Qxf6 11.Bd5 Bd7 12.Rg1 Ne7 13.Bxa8 Rxa8 14.g4 Qe6 15.Nh4 d5
16.Nf5 Bc6 17.Qe2 dxe4 18.dxe4 Ng6 19.Kf1 Nf4 20.Bxf4 exf4 21.Re1 Re8 22.b4 Bb6
23.f3 Bxg1 24.Kxg1 Bd7 25.Rd1 Qb6+ 26.Qf2 Bxf5 27.gxf5 Qxf2+ 28.Kxf2 a5 29.a3 axb4
30.axb4 Ra8 31.Rd7 c6 32.Rc7 Ra2+ 33.Kg1 Ra1+ 34.Kg2 Ra2+ 35.Kg1 Ra1+ 36.Kg2 Ra2+
37.Kh3 h5 38.Rxc6 f6 39.c4  1/2-1/2

[Event "Moscow Grand Prix 2017"]
[Site "Moscow RUS"]
[Date "2017.05.21"]
[Round "9.2"]
[White "Mamedyarov,S"]
[Black "Vachier Lagrave,M"]
[Result "1/2-1/2"]
[WhiteElo "2772"]
[BlackElo "2795"]

1.d4 Nf6 2.c4 g6 3.g3 c6 4.Bg2 d5 5.cxd5 cxd5 6.Nf3 Bg7 7.Nc3 Ne4 8.Qa4+ Nc6
9.Ne5 Nxc3 10.bxc3 O-O 11.Nxc6 bxc6 12.O-O Qb6 13.Ba3 Qa6 14.Qxa6 Bxa6 15.Rfb1 Rfb8
16.Bxe7  1/2-1/2

[Event "GCT Rapid Paris 2017"]
[Site "Paris FRA"]
[Date "2017.06.21"]
[Round "2.1"]
[White "Mamedyarov,S"]
[Black "Carlsen,M"]
[Result "0-1"]
[WhiteElo "2800"]
[BlackElo "2832"]

1.d4 Nf6 2.c4 e6 3.Nc3 Bb4 4.Nf3 O-O 5.Bg5 c5 6.e3 cxd4 7.exd4 d5 8.cxd5 exd5
9.Be2 h6 10.Bxf6 Qxf6 11.O-O Bxc3 12.bxc3 Nc6 13.Re1 b6 14.Nd2 Be6 15.Nf1 Na5
16.Ne3 Rac8 17.Rc1 Rfd8 18.Bd3 Rc7 19.g3 g6 20.Ng2 Nc4 21.Rc2 Re7 22.Qc1 Bf5
23.Rxe7 Bxd3 24.Rxa7 g5 25.Rd2 Nxd2 26.Qxd2 Be4 27.Ne1 Re8 28.a4 Bf3  0-1

[Event "GCT Rapid Paris 2017"]
[Site "Paris FRA"]
[Date "2017.06.21"]
[Round "3.2"]
[White "Karjakin,Sergey"]
[Black "Mamedyarov,S"]
[Result "0-1"]
[WhiteElo "2781"]
[BlackElo "2800"]

1.e4 e5 2.Nf3 Nc6 3.Bc4 Bc5 4.O-O Nf6 5.d3 a6 6.c3 d6 7.a4 Ba7 8.h3 h6 9.Re1 O-O
10.Nbd2 Re8 11.b4 Be6 12.Bxe6 Rxe6 13.Qc2 Qd7 14.Nf1 Ne7 15.Ng3 Ng6 16.c4 Rae8
17.a5 c6 18.Be3 Bb8 19.Nd2 Nf4 20.Nb3 N6h5 21.Nxh5 Nxh5 22.Qd1 Nf4 23.Bxf4 exf4
24.Nd4 Re5 25.Qd2 d5 26.exd5 cxd5 27.c5 g5 28.Nf3 R5e6 29.Rxe6 Rxe6 30.Re1 Bc7
31.Nd4 Re8 32.Qd1 Be5 33.Nf3 Bf6 34.Rxe8+ Qxe8 35.Qb3 Qd7 36.Kf1 Kg7 37.Ng1 Qe6
38.b5 axb5 39.Qxb5 Qe5 40.Nf3 Qa1+ 41.Ke2 Qa2+ 42.Kf1 h5 43.Qxb7 g4 44.hxg4 hxg4
45.Qd7 gxf3 46.gxf3 Qxa5 47.Qxd5 Qa1+ 48.Kg2 Qd4 49.Qf5 Qe5 50.Qg4+ Qg5 51.c6 Qxg4+
52.fxg4 Be5 53.Kf3 Kf6 54.Ke4 Bc7 55.d4 Kg5 56.f3 f5+ 57.gxf5 Kf6 58.Kd5 Kxf5
59.Kc4 Ke6 60.Kc5 Bd6+ 61.Kc4 Bb8 62.Kc5 Ba7+ 63.Kc4 Bb8 64.Kc5 Bc7 65.Kc4 Kd6
66.d5 Ke5 67.Kc5 Bb8  0-1

[Event "GCT Rapid Paris 2017"]
[Site "Paris FRA"]
[Date "2017.06.22"]
[Round "4.1"]
[White "Mamedyarov,S"]
[Black "Vachier Lagrave,M"]
[Result "1-0"]
[WhiteElo "2800"]
[BlackElo "2796"]

1.d4 Nf6 2.c4 g6 3.g3 c6 4.Bg2 d5 5.Qa4 Nfd7 6.cxd5 Nb6 7.Qd1 cxd5 8.Nc3 Nc6
9.a4 e6 10.Nf3 Bg7 11.h4 h6 12.O-O O-O 13.b3 Re8 14.Bf4 a6 15.Qd2 Kh7 16.Rad1 Bd7
17.e4 dxe4 18.Nxe4 Nd5 19.Rfe1 Qb6 20.h5 g5 21.Bd6 Rad8 22.Bc5 Qc7 23.Nd6 Nxd4
24.Bxd4 Qxd6 25.Nxg5+ Kg8 26.Ne4 Qb8 27.Bxg7 Kxg7 28.Qb2+  1-0